01323 2200517 4500001002100000005001500021035002000036245006600056100001200122250000600134300003500140700001800175260004700193082001200240084001800252020002200270650003700292990001700329990001700346990001700363990001700380990001700397990001700414990001700431990001700448990001700465990001700482990001700499990001700516990001700533990001700550990001700567990001700584990001700601990001700618990001700635990001700652990001700669990001700686990001700703990001700720990001700737990001700754990001700771990001700788INLIS00000000000004920180809013730 a0010-08180000131 aMengenal Pengurusan Jenazah /cSopandi; Editor, A.M Komarudin0 aSopandi a- aiv, 51 hlm. :bilus. ;c21 cm.0 aA.M Komarudin aBandung :bPT Imperial Bhakti Utama,c2009 a297.385 a297.385 SOP m a978-602-8318-29-7 aPengurusan Jenazah menurut islam a00203/P/2018 a00204/P/2018 a00205/P/2018 a00206/P/2018 a00203/P/2018 a00204/P/2018 a00205/P/2018 a00206/P/2018 a00204/P/2018 a00203/P/2018 a00205/P/2018 a00206/P/2018 a00205/P/2018 a00203/P/2018 a00204/P/2018 a00206/P/2018 a00206/P/2018 a00203/P/2018 a00204/P/2018 a00205/P/2018 a00206/P/2018 a00203/P/2018 a00204/P/2018 a00205/P/2018 a00206/P/2018 a00203/P/2018 a00204/P/2018 a00205/P/2018